000 00815nam a2200217Ii 4500
003 JO-AjNU
008 230605s9999||||xx |||||||||||||| ||und||
017 _a2007/4/989
020 _a978-9957-05-158-7
040 _aJO-AjNU
_bara
_erda
_cJO-AjNU
041 _aara
050 1 4 _aBP77.7 2007
100 3 _aالسلوادي، عبد الرحيم محمد,
_eauthor
_98676
245 0 0 _aالشواتي والصوائف في الإسلام
264 3 1 _aعمان: دار الضياء للنشر والتوزيع، 2007
300 _a163ص
_bالمصادر والمراجع ص 153-156 ؛ الفهارس ص 159-163
336 _atext
_btxt
_2rdacontent
337 _aunmediated
_bn
_2rdamedia
338 _avolume
_bnc
_2rdacarrier
650 4 _aالتاريخ الاسلامي- الفتوحات الاسلامية
_98677
999 _aA910
_c4478
_d4478